| 000 -LEADER |
| fixed length control field |
01151nam a2200229Ia 4500 |
| 001 - CONTROL NUMBER |
| control field |
10595 |
| 003 - CONTROL NUMBER IDENTIFIER |
| control field |
GE_BSU |
| 008 - FIXED-LENGTH DATA ELEMENTS--GENERAL INFORMATION |
| fixed length control field |
181216s||||||||xx |||||||||||||| ||und|| |
| 020 ## - INTERNATIONAL STANDARD BOOK NUMBER |
| International Standard Book Number |
9994041096 |
| 040 ## - CATALOGING SOURCE |
| Transcribing agency |
GE_BSU |
| 080 ## - UNIVERSAL DECIMAL CLASSIFICATION NUMBER |
| Universal Decimal Classification number |
659.4+316.772.4+17.002.1 |
| 245 ## - TITLE STATEMENT |
| Title |
საზოგადოებასთან ურთიერთობის სამაგიდო ენციკლოპედია=Public Relations. |
| 245 ## - TITLE STATEMENT |
| Statement of responsibility, etc. |
პროექტის ავტ.ხელმძვ და გამოც. მთ.რედ:ელგუჯა მარღია;მოწვეული რედ:მარიკა დარჩია,რევაზ სულგულაძე,ვანო ჭიაურელი და სხვ. |
| 260 ## - PUBLICATION, DISTRIBUTION, ETC. |
| Place of publication, distribution, etc. |
თბილისი |
| 260 ## - PUBLICATION, DISTRIBUTION, ETC. |
| Name of publisher, distributor, etc. |
ცოტნე |
| 260 ## - PUBLICATION, DISTRIBUTION, ETC. |
| Date of publication, distribution, etc. |
2006. |
| 300 ## - PHYSICAL DESCRIPTION |
| Extent |
293გვ;29სმ. |
| 300 ## - PHYSICAL DESCRIPTION |
| Accompanying material |
ილუსტრ.ბიბლიოგრ.გვ:293. |
| 653 ## - INDEX TERM--UNCONTROLLED |
| Uncontrolled term |
საზოგადოებასთან ურთიერთობის სამაგიდო ენციკლოპედია=Public Relations |
| 942 ## - ADDED ENTRY ELEMENTS (KOHA) |
| Koha item type |
წიგნი |